| 000 | 01294cam a22003134a 4500 | ||
|---|---|---|---|
| 001 | 16196051 | ||
| 005 | 20110301083839.0 | ||
| 008 | 100420s2010 nyua b 001 0 eng | ||
| 010 | _a 2010287044 | ||
| 020 | _a0071636641 | ||
| 020 | _a9780071636643 | ||
| 040 |
_aDLC _cDLC _dDLC |
||
| 050 | 0 | 0 |
_aHD9715.A2 _bO2 2010 |
| 082 |
_222 _a690.068 _bOBR |
||
| 100 | 1 |
_aO'Brien, James Jerome, _d1929- _923108 |
|
| 245 | 1 | 0 |
_aCPM in Construction Management / _cJames J. O'Brien, Fredric L. Plotnick. |
| 250 | _a7th ed. | ||
| 260 |
_aNew York : _bMcGraw-Hill, 2010 _cc2010. |
||
| 300 |
_axxi, 711 p. : _bill. ; _c24 cm. + _e1 CD-ROM (4 3/4 in.) |
||
| 504 | _aIncludes bibliographical references and index. | ||
| 650 | 0 |
_aConstruction industry _xManagement. _923109 |
|
| 650 | 0 |
_aCritical path analysis. _923110 |
|
| 653 |
_bCiv _cApril2011 |
||
| 700 | 1 |
_aPlotnick, Fredric L. _923111 |
|
| 942 |
_2ddc _cBB |
||
| 999 |
_c15123 _d15123 |
||